skbl

Dr Suryya Kumar Bhuyan Library Web-OPAC
ডঃ সূৰ্য্য
কুমাৰ ভূঞা পুথিভঁৰাল ৱেব-অ'পেক

All Research Scholars are advised to clear the annual library fees to continue using Library Resources, Remote Access, Plagiarism Test and Library Clearance.

Cotton University Book Fair 2026

The History of Education / (Record no. 10032)

MARC details
000 -LEADER
fixed length control field 00668nam a2200265Ia 4500
001 - CONTROL NUMBER
control field 10045
005 - DATE AND TIME OF LATEST TRANSACTION
control field 20240113235202.0
007 - PHYSICAL DESCRIPTION FIXED FIELD--GENERAL INFORMATION
fixed length control field ta
008 - FIXED-LENGTH DATA ELEMENTS--GENERAL INFORMATION
fixed length control field 050730s1925 a g b000 u eng u
020 ## - INTERNATIONAL STANDARD BOOK NUMBER
Terms of availability HB
040 ## - CATALOGING SOURCE
Original cataloging agency Cotton College Assam
041 ## - LANGUAGE CODE
Language code of text/sound track or separate title eng
082 ## - DEWEY DECIMAL CLASSIFICATION NUMBER
Classification number 370.934
Item number B 639 H
100 ## - MAIN ENTRY--PERSONAL NAME
Personal name Bokil, V.P. .
245 #0 - TITLE STATEMENT
Title The History of Education /
Statement of responsibility, etc. V.P. Bokil.
Medium Textual Documents
250 ## - EDITION STATEMENT
Edition statement 1st ed. /
260 ## - PUBLICATION, DISTRIBUTION, ETC.
Place of publication, distribution, etc. Bombay :
Name of publisher, distributor, etc. sn ,
Date of publication, distribution, etc. 1925.
300 ## - PHYSICAL DESCRIPTION
Extent 299p. :
Other physical details ill. ;
Dimensions 18cm .
653 ## - INDEX TERM--UNCONTROLLED
Uncontrolled term Education-History
653 ## - INDEX TERM--UNCONTROLLED
Uncontrolled term History-Education
653 ## - INDEX TERM--UNCONTROLLED
Uncontrolled term MS-Education
942 ## - ADDED ENTRY ELEMENTS (KOHA)
Source of classification or shelving scheme Dewey Decimal Classification
Koha item type Books
Holdings
Withdrawn status Lost status Damaged status Not for loan Collection Home library Current library Date acquired Coded location qualifier Total checkouts Full call number Barcode Date last seen Copy number Price effective from Koha item type
          Dr. Suryya Kumar Bhuyan Library Dr. Suryya Kumar Bhuyan Library 01/02/2012 00000   370.934 B 639 H 37021 13/01/2024 1 01/02/2012 Books

Designed and Maintained by Team SKBL
©1901-2026

Powered by Koha